Najlepsi asystenci w historii Premier League - Statystyki

Ogólne statystyki
  • Ten quiz został rozwiązany 161 razy
  • Średni wynik to 7 z 20
Statystyki odpowiedzi
Liczba asyst Zawodnik % Poprawnych
75 Kevin De Bruyne
86%
102 Frank Lampard
79%
92 Steven Gerrard
79%
103 Wayne Rooney
70%
162 Ryan Giggs
64%
74 Thierry Henry
51%
93 David Silva
43%
85 James Milner
42%
80 David Beckham
40%
111 Cesc Fabregas
39%
73 Andrew Cole
35%
94 Dennis Bergkamp
29%
64 Alan Shearer
27%
64 Gareth Barry
14%
62 Christian Eriksen
11%
69 Ashley Young
6%
76 Teddy Sheringham
6%
64 Matthew Le Tissier
2%
68 Darren Anderton
1%
62 Nolberto Solano
0%
Nie znaleziono quizów pasujących do podanych kryteriów
Rozkład punktacji
Procent ludzi z każdym wynikiem
Percentyl według liczby udzielonych odpowiedzi
Twoja historia wyników
Nie rozwiązałeś tego quizu